000
00330nam a2200133Ia 4500
008
100328s9999 xx 000 0 und d
082
_b
36560
100
_a
शिरवळकर सुहास.
245
_a
झुम
260
_b
शब्दस्नेह
630
_a
झुम
730
_a
झुम
942
_c
BOOK
999
_c
526196
_d
526193